Anfibios y reptiles de los alrededores del complejo cenagoso de Zapatosa, departamento del Cesar, Colombia / (Registro nro. 8138)

Detalles MARC
000 -CABECERA
Campo de control 01466nam a22003137a 4500
005 - FECHA Y HORA DE LA ULTIMA TRANSACCION
Campo de control 20170404020002.0
008 - ELEMENTOS DE LONGITUD FIJA—INFORMACION GENERAL
Campo de control 121217s2011 ck ab gr 00010 spa d
020 ## - ISBN
ISBN 9789587198676
040 ## - FUENTE DE CATALOGACIÓN
Agencia catalogadora original CO-BoIAVH
Agencia transcriptora CO-BoIAVH
041 ## - IDIOMA
Código de idioma para texto/pista de sonido o título separado Español
044 ## - PAÍS DE PUBLICACIÓN
País de publicación Colombia
082 04 - NUMERO DE CLASIFICACION DECIMAL DEWEY
Número de clasificación 574.52
Número del ítem M33a
100 1# - ASIENTO PRINCIPAL--NOMBRE PERSONAL
Nombre personal Medina-Rangel, Guido Fabián
9 (RLIN) 9791
245 10 - MENCION DE TITULO
Título Anfibios y reptiles de los alrededores del complejo cenagoso de Zapatosa, departamento del Cesar, Colombia /
Mención de responsabilidad Guido Fabián Medina-Rangel, Gladys Cárdenas-Arévalo, Olga Victoria Castaño-Mora
260 ## - PUBLICACION, DISTRIBUCION, ETC. (PIE DE IMPRENTA)
Lugar de publicación, distribución, etc. Bogotá:
Nombre del editor, distribuidor, etc. Universidad Nacional de Colombia. Facultad de Ciencias. Instituto de Ciencias Naturales :
-- Corpocesar,
Fecha de publicación, distribución, etc. 2011.
300 ## - DESCRIPCION FISICA
Extensión 97 p. :
Otros detalles físicos ilustraciones ;
Dimensiones 24 cm.
490 0# - MENCION DE SERIE
Mención de serie Colombia. Diversidad Biótica ;
Designación numérica/secuencial del volumen 1
500 ## - NOTA GENERAL
Nota general Publicación especial No. 1. Guia de campo.
504 ## - NOTA DE BIBLIOGRAFIA, ETC.
Nota de bibliografía Incluye referencias bibliográficas
650 #6 - ASIENTO SECUNDARIO DE MATERIA - TERMINO TEMATICO
Término temático o nombre geográfico como elemento de entrada Diversidad biológica
Subdivisión geográfica Ciénaga de Zapatosa (Cesar)
9 (RLIN) 59946
650 #4 - ASIENTO SECUNDARIO DE MATERIA - TERMINO TEMATICO
Término temático o nombre geográfico como elemento de entrada Anfibios
Subdivisión general Clasificación
Subdivisión geográfica Ciénaga de Zapatosa (Cesar)
9 (RLIN) 59947
650 #4 - ASIENTO SECUNDARIO DE MATERIA - TERMINO TEMATICO
Término temático o nombre geográfico como elemento de entrada Anfibios
Subdivisión general Fichas técnicas
Subdivisión geográfica Ciénaga de Zapatosa (Cesar)
9 (RLIN) 59948
650 #4 - ASIENTO SECUNDARIO DE MATERIA - TERMINO TEMATICO
Término temático o nombre geográfico como elemento de entrada Reptiles
Subdivisión general Clasificacién
Subdivisión geográfica Ciénaga de Zapatosa (Cesar)
9 (RLIN) 59949
650 #4 - ASIENTO SECUNDARIO DE MATERIA - TERMINO TEMATICO
Término temático o nombre geográfico como elemento de entrada Reptiles
Subdivisión general Fichas técnicas
Subdivisión geográfica Ciénaga de Zapatosa (Cesar)
9 (RLIN) 59950
700 1# - ASIENTO SECUNDARIO - NOMBRE PERSONAL
Nombre personal Rangel Ch., J. Orlando,
Término de relación ed.
9 (RLIN) 59951
700 1# - ASIENTO SECUNDARIO - NOMBRE PERSONAL
Nombre personal Cárdenas-Arévalo, Gladys.
9 (RLIN) 9798
700 1# - ASIENTO SECUNDARIO - NOMBRE PERSONAL
Nombre personal Castaño-Mora, Olga Victoria.
9 (RLIN) 7
942 ## - ELEMENTOS ADICIONALES (KOHA)
Sistema de clasificación Dewey Decimal Classification
Tipo de ítem Libro
Koha issues (borrowed), all copies 1
Existencias
Withdrawn status Lost status Sistema de Clasificación Damaged status No para préstamo Colección Inventariado Ubicación Permanente Ubicación actual Fecha de adquisición Fuente de Valor Valor Total Checkouts Número topográfico Inventario / Código de Barras Date last seen Date checked out Ejemplar Price effective from Forma de adquisición Tipo de material
    Dewey Decimal Classification     General Inventariado 2017 Bogotá Bogotá 24/02/2014 Instituto 39000.00 1 LB-574.52 M33a 028656 04/04/2017 03/04/2017 Ej. 1 24/02/2014   Libro
    Dewey Decimal Classification     General Inventariado 2017 Bogotá Bogotá 28/08/2015 Instituto 39000.00   LB-574.52 M33a 038938 28/08/2015   Ej. 3 28/08/2015   Libro
    Dewey Decimal Classification     General Inventariado 2017 Sala Fabio Quevedo Sala Fabio Quevedo 24/02/2014 Instituto 39000.00   LB-574.52 M33a 059884 24/02/2014   Ej. 2 24/02/2014   Libro